Синтез карбида молибдена на трехфазной электродуговой установке; Перспективные материалы конструкционного и функционального назначения

書誌詳細
Parent link:Перспективные материалы конструкционного и функционального назначения.— 2024.— С. 246-248
その他の著者: Болатова Ж. С. Жанар Санатовна, Поваляев П. В. Павел Вадимович, Некля Ю. А. Юлия Александровна, Шляхов Т. С. Тимофей Сергеевич, Корытов Д. А.
要約:Текстовый файл
言語:ロシア語
出版事項: 2024
シリーズ:Функциональные материалы
主題:
オンライン・アクセス:http://earchive.tpu.ru/handle/11683/81593
フォーマット: 電子媒体 図書の章
KOHA link:https://koha.lib.tpu.ru/cgi-bin/koha/opac-detail.pl?biblionumber=676894

MARC

LEADER 00000naa2a2200000 4500
001 676894
005 20260128162814.0
090 |a 676894 
100 |a 20241122d2024 k||y0rusy50 ca 
101 0 |a rus 
102 |a RU 
135 |a drbn ---uucaa 
200 1 |a Синтез карбида молибдена на трехфазной электродуговой установке  |f Ж. С. Болатова, П. В. Поваляев, Ю. А. Некля [и др.]  |g Национальный исследовательский Томский политехнический университет 
225 1 |a Функциональные материалы 
283 |2 RDAcarrier 
320 |a Список литературы: 13 назв. 
336 |a Текстовый файл 
463 1 |0 676692  |9 676692  |c Томск  |d 2024  |n Изд-во ТПУ  |o сборник научных трудов Международной научно-технической молодежной конференции, Томск, 21–25 октября 2024 г.  |t Перспективные материалы конструкционного и функционального назначения  |u conference_tpu-2024-C125.pdf  |v С. 246-248  |f ред. кол. С. П. Буякова, Б. С. Зенин, О. Ю. Ваулина [и др.] 
610 1 |a электронный ресурс 
610 1 |a труды учёных ТПУ 
610 1 |a карбиды 
610 1 |a синтез 
610 1 |a безвакуумный электродуговой метод 
701 1 |a Болатова  |b Ж. С.  |c специалист в области материаловедения  |c инженер, младший научный сотрудник Томского политехнического университета  |f 1996-  |g Жанар Санатовна  |9 22626 
701 1 |a Поваляев  |b П. В.  |c специалист в области автоматического управления  |c старший лаборант, младший научный сотрудник Томского политехнического университета  |f 1997-  |g Павел Вадимович  |9 22619 
701 1 |a Некля  |b Ю. А.  |c специалист в области ядерных технологий  |c техник Томского политехнического университета  |f 2003-  |g Юлия Александровна  |9 88524 
701 1 |a Шляхов  |b Т. С.  |c студент ИШЭ  |c техник Томского политехнического университета  |f 2004-  |g Тимофей Сергеевич  |9 89119 
701 1 |a Корытов  |b Д. А. 
801 0 |a RU  |b 63413507  |c 20241120 
850 |a 63413507 
856 4 0 |u http://earchive.tpu.ru/handle/11683/81593  |z http://earchive.tpu.ru/handle/11683/81593 
942 |c CF